Hội bảo vệ thiên nhiên và Môi trường thủ đô Hà Nội : Hoạt động tư vấn và những điều trăn trở/
Đã lưu trong:
| 主要作者: | |
|---|---|
| 格式: | Bài viết |
| 語言: | Vietnamese |
| 主題: | |
| 標簽: |
添加標簽
沒有標簽, 成為第一個標記此記錄!
|
| Thư viện lưu trữ: | Thư viện Trường Đại học Đà Lạt |
|---|
| LEADER | 00855nam a2200265 4500 | ||
|---|---|---|---|
| 001 | DLU040028355 | ||
| 040 | # | # | |a DLU |b vie |
| 041 | # | # | |a vie |
| 044 | # | # | |a vn |
| 100 | # | # | |a Bùi Tâm Trung |
| 245 | # | # | |a Hội bảo vệ thiên nhiên và Môi trường thủ đô Hà Nội : |b Hoạt động tư vấn và những điều trăn trở/ |c Bùi Tâm Trung |
| 610 | # | # | |a Hội bảo vệ thiên nhiên và Môi trường Việt Nam |
| 651 | # | # | |a Hà Nội |
| 653 | # | # | |a Hoạt động |
| 773 | # | # | |t Bảo vệ môi trường |g Số 9, 2003, tr 25 - 26. |
| 920 | # | # | |a Phòng Tạp chí -- Trung tâm Thông tin - Thư viện Trường Đại học Đà Lạt |
| 933 | # | # | |a MT |
| 994 | # | # | |a DLU |
| 900 | # | # | |a True |
| 911 | # | # | |a Thái Thị Thanh Thủy |
| 925 | # | # | |a G |
| 926 | # | # | |a A |
| 927 | # | # | |a BB |
| 980 | # | # | |a Thư viện Trường Đại học Đà Lạt |